Estudio anatómico del oído medio y consideraciones que del mismo se desprenden (Record no. 109596)
[ view plain ]
| 000 -LEADER | |
|---|---|
| campo de control de longitud fija | 00628nam a2200169 i 4500 |
| 001 - NÚMERO DE CONTROL | |
| campo de control | 109596 |
| 003 - IDENTIFICADOR DE NÚMERO DE CONTROL | |
| campo de control | ES-MaACL |
| 005 - FECHA Y HORA DE LA ÚLTIMA TRANSACCIÓN | |
| campo de control | 20230906184855.0 |
| 007 - CAMPO FIJO DE DESCRIPCIÓN FÍSICA--INFORMACIÓN GENERAL | |
| campo de control de longitud fija | t| |
| 008 - DATOS DE LONGITUD FIJA--INFORMACIÓN GENERAL | |
| campo de control de longitud fija | 061121s1902 sp r ||||1| spa d |
| 100 1# - ENTRADA PRINCIPAL--NOMBRE DE PERSONA | |
| Nombre de persona | Oller Rabasa, José. |
| 9 (RLIN) | 86918 |
| 245 10 - MENCIÓN DEL TÍTULO | |
| Título | Estudio anatómico del oído medio y consideraciones que del mismo se desprenden |
| Resto del título | : Memoria leida en los ejercicios de doctorado / |
| Mención de responsabilidad, etc. | por José Oller Rabasa. |
| 260 ## - PUBLICACIÓN, DISTRIBUCIÓN, ETC. | |
| Lugar de publicación, distribución, etc. | Barcelona : |
| Nombre del editor, distribuidor, etc. | [s.n.], |
| Fecha de publicación, distribución, etc. | 1902 ( |
| Fabricante | Imp. Elzeveriana de Borrás y Mestres) |
| 300 ## - DESCRIPCIÓN FÍSICA | |
| Extensión | 33 p.,[6] p. de lám. ; |
| Dimensiones | 21 cm. |
| 650 #4 - PUNTO DE ACCESO ADICIONAL DE MATERIA--TÉRMINO DE MATERIA | |
| Término de materia o nombre geográfico como elemento de entrada | Oído- |
| Subdivisión general | Anatomía. |
| 9 (RLIN) | 154235 |
| 852 ## - LOCALIZACIÓN | |
| Ubicación | ES-MaACL |
| Número de control de estantería | T-1046-F-6 |
| Estatus retirado | Estado de pérdida | Estado de daño | No para préstamo | Colección | Biblioteca de origen | Biblioteca actual | Ubicación en estantería | Fecha de adquisición | Fuente de adquisición | Total de préstamos | Signatura topográfica completa | Código de barras | Visto por última vez | Precio de reemplazo | Tipo de ítem Koha |
|---|---|---|---|---|---|---|---|---|---|---|---|---|---|---|---|
| Colección de folletos | Biblioteca del Ateneo de Madrid | Biblioteca del Ateneo de Madrid | Depósito folletos | 17/01/2008 | T-1046-F-6 | 1114350 | 23/02/2023 | 23/02/2023 | Folleto |
